000 00801nam a2200241Ia 4500
003 OSt
005 20220923221008.0
006 a|||||r|||| 00| 0
007 ta
008 220922b |||||||| |||| 00| 0 hin d
024 _a193,502
037 _cTextual
040 _aARTS
_cARTS
_bhin
041 _2hin
_ahin
082 _aO152,3xN, M6
100 _aश्रीकृष्ण, संपा.
_9156263
245 0 _aहिन्दी की पुरस्कृत कहानियॉं
246 _aHindī kī puraskṛut kahāniyaॉan
260 _aदिल्ली
_b सन्मार्ग प्रकाशन
_c1986
300 _a199पृ.
_ccm.
942 _hO152,3xN, M6
_cTEXL
_2CC
999 _c345950
_d345950